Luxembourg City Quiz - Statistics

General Stats
  • This quiz has been taken 35 times
  • The average score is 3 of 7
Answer Stats
City % Correct
Luxembourg
100%
Esch-sur-Alzette
65%
Dudelange
48%
Differdange
45%
Petange
32%
Hesperange
16%
Sanem
13%
No matching quizzes found
Score Distribution
Percent of People with Each Score
Percentile by Number Answered
Your Score History
You have not taken this quiz